000
00222 a2200097 4500
020
_a
9780439429351
041
_a
eng
100
_a
judith Stamper
245
_a
Magic School Bus Chapter book Voyage to the Volcano
942
_c
K
999
_c
30386
_d
30384